| 000 | 00446cam a2200169ua 4500 | ||
|---|---|---|---|
| 020 | _c1.00 | ||
| 041 |
_amal _h |
||
| 082 |
_a894.8121 _bNAR/KE |
||
| 100 | _aNarayanan Nair, Pala. | ||
| 245 |
_aKeralam valarunnu, Part-6 / _cPala Narayanan nair. _hTextual Documents |
||
| 260 |
_aKottayam : _bSahitya Pravarthaka Co-operative Society , _c1959. |
||
| 300 | _a88 ; . | ||
| 365 | _a1.00 | ||
| 504 | _a | ||
| 942 | _cBK | ||
| 999 |
_c5065 _d5065 |
||